Nghiệp vụ sư phạm
Giới thiệu một số quan điểm của tác giả về lý thuyết, các mối quan hệ cơ bản, giải pháp của nghệp vụ sư phạm.
Đã lưu trong:
| 主要作者: | |
|---|---|
| 格式: | 图书 |
| 语言: | Undetermined |
| 出版: |
H.
Giáo dục Việt Nam
2010
|
| 主题: | |
| 在线阅读: | http://lrc.tdmu.edu.vn/opac/search/detail.asp?aID=2&ID=14313 |
| 标签: |
添加标签
没有标签, 成为第一个标记此记录!
|
| Thư viện lưu trữ: | Trung tâm Học liệu Trường Đại học Thủ Dầu Một |
|---|
| LEADER | 00802nam a2200205Ia 4500 | ||
|---|---|---|---|
| 001 | TDMU_14313 | ||
| 008 | 210410s9999 xx 000 0 und d | ||
| 082 | |a 370.1 | ||
| 090 | |b H450 | ||
| 100 | |a Hồ, Ngọc Đại | ||
| 245 | 0 | |a Nghiệp vụ sư phạm | |
| 245 | 0 | |c GS.TSKH Hồ Ngọc Đại | |
| 260 | |a H. | ||
| 260 | |b Giáo dục Việt Nam | ||
| 260 | |c 2010 | ||
| 300 | |a 275tr. | ||
| 520 | |a Giới thiệu một số quan điểm của tác giả về lý thuyết, các mối quan hệ cơ bản, giải pháp của nghệp vụ sư phạm. | ||
| 650 | |a Giáo dục học |x Nghiệp vụ sư phạm | ||
| 856 | |u http://lrc.tdmu.edu.vn/opac/search/detail.asp?aID=2&ID=14313 | ||
| 980 | |a Trung tâm Học liệu Trường Đại học Thủ Dầu Một | ||